[Event "FRA-ch Accession"]
[Site "Albi"]
[Date "2022.08.16"]
[Round "4"]
[White "Materia, Marco"]
[Black "Favarel, Julien"]
[Result "0-1"]
[WhiteElo "2413"]
[BlackElo "2298"]
[PlyCount "92"]
[EventDate "2022.08.13"]
[EventType "swiss"]
[EventRounds "9"]
[EventCountry "FRA"]
[SourceTitle "CBM 210 Extra"]
[Source "ChessBase"]
[SourceDate "2022.11.30"]
[SourceVersion "1"]
[SourceVersionDate "2022.11.30"]
[SourceQuality "1"]

1. d4 Nf6 2. c4 g6 3. Nc3 Bg7 4. Nf3 0-0 5. Bg5 h6 6. Bh4 c5 7. d5 d6 8. e3 Bf5 9. Nd2 Qb6 10. Qc1 g5 11. Bg3 Nh5 12. Be2 Bg6 13. 0-0 Nxg3 14. hxg3 Nd7 15. f4 e6 16. Kh1 Rae8 17. Nf3 gxf4 18. gxf4 Nf6 19. dxe6 fxe6 20. Qd2 Ne4 21. Nxe4 Bxe4 22. Bd3 Bc6 23. Bg6 Rd8 24. Rf2 Qc7 25. Rd1 Qe7 26. Qc2 Kh8 27. Rdf1 b5 28. b3 bxc4 29. bxc4 Rb8 30. Qd3 d5 31. Rc1 a5 32. Rfc2 Rb2 33. Rxb2 Bxb2 34. Rc2 Bg7 35. cxd5 exd5 36. Qa3 d4 37. Qxc5 Qxc5 38. Rxc5 Bxf3 39. gxf3 dxe3 40. Rc7 Rxf4 41. Kg2 Bf6 42. Be4 Rh4 43. Rc8+ Kg7 44. Re8 Kf7 45. Bc6 Be7 46. Kf1 Rh2 0-1

[Event "FRA-ch Accession"]
[Site "Albi"]
[Date "2022.08.14"]
[Round "2"]
[White "Laurent Paoli, Pierre"]
[Black "Favarel, Julien"]
[Result "1-0"]
[WhiteElo "2298"]
[BlackElo "2298"]
[PlyCount "73"]
[EventDate "2022.08.13"]
[EventType "swiss"]
[EventRounds "9"]
[EventCountry "FRA"]
[SourceTitle "CBM 210 Extra"]
[Source "ChessBase"]
[SourceDate "2022.11.30"]
[SourceVersion "1"]
[SourceVersionDate "2022.11.30"]
[SourceQuality "1"]

1. d4 Nf6 2. c4 g6 3. Nc3 Bg7 4. e4 d6 5. f4 c5 6. d5 0-0 7. Nf3 e6 8. Be2 exd5 9. cxd5 Nbd7 10. 0-0 Re8 11. Qc2 a6 12. a4 Qc7 13. Kh1 c4 14. Nd2 Nc5 15. e5 Bf5 16. Qd1 Nfe4 17. Nxc4 Nxc3 18. bxc3 Ne4 19. Ra3 dxe5 20. fxe5 Bxe5 21. Nxe5 Qxe5 22. Bf4 Qe7 23. Rb3 Qc5 24. Qe1 Qxd5 25. c4 Qc6 26. Re3 Nc5 27. Bf3 Rxe3 28. Bxe3 Be4 29. Qh4 Bxf3 30. Rxf3 Ne4 31. Bd4 h5 32. Qf4 f5 33. Qh6 Kf7 34. Qh7+ Ke6 35. Qxg6+ Kd7 36. Qf7+ Kd6 37. Rxf5 1-0

[Event "FRA-chT Top 16 GpB"]
[Site "Chartres"]
[Date "2022.06.15"]
[Round "7.4"]
[White "Favarel, Julien"]
[Black "Eugene, Floryan"]
[Result "0-1"]
[WhiteElo "2312"]
[BlackElo "2373"]
[PlyCount "78"]
[EventDate "2022.06.09"]
[EventType "team-tourn"]
[EventRounds "7"]
[EventCountry "FRA"]
[SourceTitle "CBM 208 Extra"]
[Source "ChessBase"]
[SourceDate "2022.07.31"]
[SourceVersion "1"]
[SourceVersionDate "2022.07.31"]
[SourceQuality "1"]
[WhiteTeam "Agen"]
[BlackTeam "Echiquier de l'Erdre"]
[WhiteTeamCountry "FRA"]
[BlackTeamCountry "FRA"]

1. e4 e5 2. Nf3 Nc6 3. d4 exd4 4. Nxd4 Nf6 5. Nxc6 bxc6 6. Nc3 Bb4 7. Bd3 d5 8. Bd2 0-0 9. 0-0 Rb8 10. Re1 Bg4 11. Qc1 Re8 12. exd5 Rxe1+ 13. Qxe1 cxd5 14. h3 Be6 15. a3 Bf8 16. b4 c5 17. bxc5 Bxc5 18. Na4 Bf8 19. Bb4 Bd7 20. Bxf8 Qxf8 21. Qa5 Bxa4 22. Qxa4 Qc5 23. Re1 g6 24. g3 Kg7 25. Kg2 a5 26. Re3 Rb1 27. Rf3 Qc3 28. Qf4 Qa1 29. Bf1 Rxf1 30. Qxf6+ Qxf6 31. Rxf6 Kxf6 32. Kxf1 Ke5 33. c3 d4 34. Ke2 dxc3 35. Kd3 f5 36. f3 f4 37. g4 c2 38. Kxc2 Kd4 39. Kd2 g5 0-1

[Event "FRA-chT Top 12"]
[Site "Chalons en Champagne"]
[Date "2021.07.04"]
[Round "11.1"]
[White "Favarel, Julien"]
[Black "Jaouen, Valentin"]
[Result "1-0"]
[WhiteElo "2338"]
[BlackElo "2112"]
[PlyCount "77"]
[EventDate "2021.06.24"]
[EventType "team-tourn"]
[EventRounds "11"]
[EventCountry "FRA"]
[SourceTitle "CBM 203 Extra"]
[Source "ChessBase"]
[SourceDate "2021.09.30"]
[SourceVersion "1"]
[SourceVersionDate "2021.09.30"]
[SourceQuality "1"]
[WhiteTeam "Agenais Echiquier"]
[BlackTeam "Echiquier de l'Erdre"]
[WhiteTeamCountry "FRA"]
[BlackTeamCountry "FRA"]

1. d4 e6 2. c4 b6 3. a3 Bb7 4. Nc3 f5 5. Nf3 Nf6 6. g3 d6 7. d5 e5 8. Ng5 Bc8 9. Bg2 Be7 10. Ne6 Bxe6 11. dxe6 c6 12. e4 fxe4 13. Nxe4 0-0 14. b4 Nxe4 15. Bxe4 b5 16. Qc2 bxc4 17. Bxh7+ Kh8 18. Bg6 Rf6 19. Bf7 Qf8 20. Qxc4 Rxf7 21. exf7 d5 22. Qg4 Qxf7 23. Qc8+ Bf8 24. Bb2 Kg8 25. Rc1 a5 26. b5 cxb5 27. 0-0 d4 28. Qd8 Qf3 29. Qe8 Na6 30. Qxe5 b4 31. axb4 Nxb4 32. Qxd4 Ra6 33. Rc8 Rf6 34. Qc4+ Rf7 35. Rxf8+ Kxf8 36. Qc8+ Ke7 37. Qc7+ Ke6 38. Re1+ Kd5 39. Re5# 1-0

[Event "FRA-chT Top 12"]
[Site "Chalons en Champagne"]
[Date "2021.06.24"]
[Round "1.6"]
[White "Favarel, Julien"]
[Black "Naiditsch, Arkadij"]
[Result "0-1"]
[WhiteElo "2338"]
[BlackElo "2649"]
[PlyCount "79"]
[EventDate "2021.06.24"]
[EventType "team-tourn"]
[EventRounds "11"]
[EventCountry "FRA"]
[SourceTitle "CBM 203 Extra"]
[Source "ChessBase"]
[SourceDate "2021.09.30"]
[SourceVersion "1"]
[SourceVersionDate "2021.09.30"]
[SourceQuality "1"]
[WhiteTeam "Agenais Echiquier"]
[BlackTeam "Bischwiller"]
[WhiteTeamCountry "FRA"]
[BlackTeamCountry "FRA"]

1. e4 c5 2. c3 d5 3. exd5 Qxd5 4. d4 Nf6 5. Nf3 Bg4 6. Nbd2 Nc6 7. Bc4 Bxf3 8. Qb3 Na5 9. Qb5+ Qd7 10. Nxf3 Nxc4 11. Qxc4 cxd4 12. Qxd4 Qxd4 13. Nxd4 e5 14. Nb3 Nd5 15. Ke2 0-0-0 16. Be3 Be7 17. Rad1 f5 18. g3 b6 19. Bc1 g5 20. h3 h5 21. c4 Nb4 22. a3 Nc6 23. Rxd8+ Kxd8 24. f3 Bf6 25. Be3 Re8 26. Rd1+ Kc7 27. Nd2 Nd4+ 28. Bxd4 exd4+ 29. Kd3 Re3+ 30. Kc2 d3+ 31. Kb3 Re2 32. c5 bxc5 33. Nc4 Rh2 34. Rxd3 Rxh3 35. Nd6 Be5 36. Nxf5 Bxg3 37. Kc4 h4 38. Re3 Bf4 39. Re7+ Kd8 40. Kd5 0-1

[Event "Montaiguillon rapid 1st"]
[Site "Montagne"]
[Date "2019.09.08"]
[Round "4"]
[White "Cornette, Matthieu"]
[Black "Favarel, Julien"]
[Result "1-0"]
[WhiteElo "2558"]
[BlackElo "2331"]
[PlyCount "55"]
[EventDate "2019.09.08"]
[EventType "swiss (rapid)"]
[EventRounds "9"]
[EventCountry "FRA"]
[SourceTitle "EXT 2020"]
[Source "ChessBase"]
[SourceDate "2019.10.17"]
[SourceVersion "1"]
[SourceVersionDate "2019.10.17"]
[SourceQuality "1"]

1. Nf3 d5 2. c4 e6 3. g3 g6 4. Bg2 Bg7 5. d4 Ne7 6. 0-0 0-0 7. Qc2 c5 8. dxc5 d4 9. Bf4 Nbc6 10. Bd6 Nf5 11. Bxf8 Qxf8 12. Nbd2 Qxc5 13. Ne1 e5 14. Nd3 Qe7 15. c5 a5 16. a3 a4 17. Nb4 Be6 18. Rfc1 h5 19. Nxc6 bxc6 20. Bxc6 Rc8 21. Bg2 h4 22. Qxa4 hxg3 23. hxg3 Bh6 24. Qc2 Kg7 25. b4 Rh8 26. Ne4 Bd5 27. c6 Bxe4 28. Qxe4 1-0

[Event "FRA-ch 94th"]
[Site "Chartres"]
[Date "2019.08.22"]
[Round "6"]
[White "Favarel, Julien"]
[Black "Lagarde, Maxime"]
[Result "0-1"]
[WhiteElo "2333"]
[BlackElo "2626"]
[PlyCount "86"]
[EventDate "2019.08.17"]
[EventType "tourn"]
[EventRounds "9"]
[EventCountry "FRA"]
[EventCategory "13"]
[SourceTitle "EXT 2020"]
[Source "ChessBase"]
[SourceDate "2019.10.17"]
[SourceVersion "1"]
[SourceVersionDate "2019.10.17"]
[SourceQuality "1"]

1. e4 c5 2. Nf3 d6 3. d4 cxd4 4. Nxd4 Nf6 5. Nc3 Nc6 6. f3 e5 7. Nb3 Be7 8. Be3 Be6 9. Qd2 d5 10. exd5 Nxd5 11. Nxd5 Qxd5 12. Qxd5 Bxd5 13. 0-0-0 0-0-0 14. Bb5 Kc7 15. Rd2 a6 16. Be2 Nb4 17. Kb1 Be6 18. Rxd8 Rxd8 19. Rd1 Bf5 20. Na1 Nd5 21. Bf2 a5 22. a3 Bxa3 23. Bg3 f6 24. Nb3 Bxc2+ 25. Kxc2 Ne3+ 26. Kc1 Bxb2+ 27. Kxb2 Nxd1+ 28. Bxd1 Rxd1 29. Nxa5 Rg1 30. f4 Rxg2+ 31. Kc3 b6 32. Nc4 exf4 33. Bxf4+ Kc6 34. Ne3 Ra2 35. Nf5 g5 36. Bd2 Ra3+ 37. Kd4 Rh3 38. Ne7+ Kd6 39. Nc8+ Ke6 40. Nxb6 Rxh2 41. Ke3 h5 42. Be1 h4 43. Nc4 h3 0-1

[Event "FRA-ch 94th"]
[Site "Chartres"]
[Date "2019.08.19"]
[Round "3"]
[White "Favarel, Julien"]
[Black "Gozzoli, Yannick"]
[Result "1/2-1/2"]
[WhiteElo "2333"]
[BlackElo "2614"]
[PlyCount "160"]
[EventDate "2019.08.17"]
[EventType "tourn"]
[EventRounds "9"]
[EventCountry "FRA"]
[EventCategory "13"]
[SourceTitle "EXT 2020"]
[Source "ChessBase"]
[SourceDate "2019.10.17"]
[SourceVersion "1"]
[SourceVersionDate "2019.10.17"]
[SourceQuality "1"]

1. e4 c6 2. d4 d5 3. exd5 cxd5 4. Nf3 Nc6 5. c3 Nf6 6. Bf4 g6 7. Bd3 Bg7 8. Nbd2 Nh5 9. Be3 Qc7 10. 0-0 0-0 11. Re1 Re8 12. Nb3 b6 13. Qd2 Bg4 14. Be2 Rad8 15. h3 Bc8 16. Nc1 Bb7 17. Nd3 Nf6 18. Bf4 Qc8 19. Bh6 Ne4 20. Qf4 f6 21. Bxg7 Kxg7 22. Rad1 e6 23. Nd2 e5 24. dxe5 fxe5 25. Qh4 Nf6 26. Bg4 Qb8 27. Nf1 Ba6 28. a3 e4 29. Nb4 Nxb4 30. axb4 Bxf1 31. Rxf1 Qf4 32. Qg3 Qxg3 33. fxg3 d4 34. Rxd4 Rxd4 35. cxd4 Rd8 36. Rd1 Nd5 37. Be6 Nxb4 38. d5 Kf6 39. Rd4 a5 40. Rxe4 Nxd5 41. Bg4 Rd6 42. Bf3 Nb4 43. Be2 Rd2 44. b3 Nc6 45. g4 Nd4 46. Bc4 b5 47. Bg8 Kg7 48. Re8 g5 49. Ra8 h6 50. Kf1 Ra2 51. Bd5 Kf6 52. Re8 Rb2 53. Ra8 Ke5 54. Bg8 Nxb3 55. Bxb3 Rxb3 56. Rxa5 Rb2 57. Ra6 b4 58. Rxh6 b3 59. Kg1 Rd2 60. Rb6 b2 61. Kh2 Kd4 62. h4 Kc3 63. Rc6+ Kd3 64. Rb6 Kc2 65. Rc6+ Kd1 66. Rb6 Kc2 67. Rc6+ Kd1 68. Rb6 gxh4 69. Kh3 Kc2 70. Kxh4 b1Q 71. Rxb1 Kxb1 72. Kg5 Kc2 73. Kf6 Rf2+ 74. Ke6 Rxg2 75. Kf5 Kd3 76. g5 Kd4 77. g6 Kd5 78. Kf6 Rf2+ 79. Ke7 Rg2 80. Kf7 Rxg6 1/2-1/2

[Event "Condom 18th"]
[Site "Condom"]
[Date "2019.07.15"]
[Round "3"]
[White "Favarel, Julien"]
[Black "Villegas, Pierre"]
[Result "1/2-1/2"]
[WhiteElo "2366"]
[BlackElo "2349"]
[PlyCount "61"]
[EventDate "2019.07.13"]
[EventType "tourn"]
[EventRounds "9"]
[EventCountry "FRA"]
[EventCategory "5"]
[SourceTitle "CBM 191 Extra"]
[Source "ChessBase"]
[SourceDate "2019.09.30"]
[SourceVersion "1"]
[SourceVersionDate "2019.09.30"]
[SourceQuality "1"]

1. e4 c6 2. Nf3 d5 3. exd5 cxd5 4. Ne5 Nc6 5. d4 Nf6 6. c3 g6 7. Bb5 Bd7 8. Nxd7 Qxd7 9. 0-0 Bg7 10. Nd2 0-0 11. Nf3 Qc7 12. Re1 e6 13. Qe2 Ne7 14. Ne5 Nf5 15. Bd3 a6 16. Bf4 Bh6 17. Qd2 Bxf4 18. Qxf4 Nh5 19. Qf3 Nhg7 20. g3 f6 21. Ng4 Rae8 22. Re2 Qd7 23. Rae1 Nd6 24. h4 Kh8 25. Kg2 b5 26. a3 Qc7 27. Rh1 Nh5 28. Rhe1 Ng7 29. Rh1 Nh5 30. Qe3 Nf5 31. Qf3 1/2-1/2

[Event "Condom 18th"]
[Site "Condom"]
[Date "2019.07.14"]
[Round "2"]
[White "Boyer, Mahel"]
[Black "Favarel, Julien"]
[Result "0-1"]
[WhiteElo "2295"]
[BlackElo "2366"]
[PlyCount "46"]
[EventDate "2019.07.13"]
[EventType "tourn"]
[EventRounds "9"]
[EventCountry "FRA"]
[EventCategory "5"]
[SourceTitle "CBM 191 Extra"]
[Source "ChessBase"]
[SourceDate "2019.09.30"]
[SourceVersion "1"]
[SourceVersionDate "2019.09.30"]
[SourceQuality "1"]

1. d4 d5 2. c4 e6 3. Nc3 Nf6 4. Nf3 a6 5. c5 b6 6. cxb6 c5 7. Bf4 Bd6 8. Bxd6 Qxd6 9. Qb3 Nbd7 10. Na4 c4 11. Qa3 Qxa3 12. bxa3 Rb8 13. Rb1 Bb7 14. e3 Ke7 15. Be2 Bc6 16. Nc3 Rhc8 17. 0-0 Nxb6 18. Ne5 Be8 19. Bd1 Ne4 20. Nxe4 dxe4 21. Be2 Bb5 22. a4 Nxa4 23. Bxc4 f6 0-1

[Event "Hossegor op 25th"]
[Site "Hossegor"]
[Date "2018.05.20"]
[Round "4"]
[White "Favarel, Julien"]
[Black "Kirk, Ezra"]
[Result "0-1"]
[WhiteElo "2266"]
[BlackElo "2420"]
[PlyCount "97"]
[EventDate "2018.05.19"]
[EventType "swiss"]
[EventRounds "7"]
[EventCountry "FRA"]
[SourceTitle "CBM 184 Extra"]
[Source "ChessBase"]
[SourceDate "2018.06.28"]
[SourceVersion "1"]
[SourceVersionDate "2018.06.28"]
[SourceQuality "1"]

1. Nf3 c5 2. c4 Nc6 3. Nc3 Nf6 4. d4 cxd4 5. Nxd4 g6 6. e4 Bg7 7. Be3 0-0 8. f3 d6 9. Be2 Bd7 10. 0-0 Nxd4 11. Bxd4 a5 12. b3 Bc6 13. Rc1 Nd7 14. Be3 Nc5 15. Qd2 Be5 16. Bh6 Bg7 17. Be3 Qb6 18. Nb5 Rfc8 19. Kh1 Qd8 20. Nd4 Qf8 21. Rb1 Bd7 22. Rfc1 h5 23. a3 a4 24. b4 Bxd4 25. bxc5 Bxe3 26. Qxe3 Rxc5 27. Rxb7 Qc8 28. Rcb1 h4 29. f4 h3 30. gxh3 Bc6 31. R7b6 Qe6 32. Bd3 Rc8 33. Kg1 Rh5 34. f5 Qf6 35. Rb8 Rxb8 36. Rxb8+ Kh7 37. Rb6 Rg5+ 38. Kf2 gxf5 39. e5 Rg2+ 40. Kf1 dxe5 41. Rxc6 Qxc6 42. Bxf5+ Rg6 43. Qe4 Qc5 44. Bxg6+ fxg6 45. Qd3 Kg7 46. Ke2 Qd4 47. Qxd4 exd4 48. c5 Kf7 49. Ke1 0-1

[Event "Rochefort op-A16th"]
[Site "Rochefort"]
[Date "2017.02.21"]
[Round "6"]
[White "Favarel, Julien"]
[Black "Haub, Thorsten Michael"]
[Result "1/2-1/2"]
[WhiteElo "2257"]
[BlackElo "2397"]
[PlyCount "84"]
[EventDate "2017.02.18"]
[EventType "swiss"]
[EventRounds "9"]
[EventCountry "FRA"]
[SourceTitle "CBM 177 Extra"]
[Source "ChessBase"]
[SourceDate "2017.04.27"]
[SourceVersion "1"]
[SourceVersionDate "2017.04.27"]
[SourceQuality "1"]

1. e4 g6 2. d4 Bg7 3. Nf3 d6 4. Bc4 Nf6 5. Qe2 c6 6. Bb3 0-0 7. 0-0 a5 8. a3 Na6 9. Nbd2 Nd7 10. e5 dxe5 11. dxe5 Ndc5 12. Ba2 Bf5 13. Nb1 Qc7 14. Bf4 Qb6 15. Bc1 Rad8 16. h3 Be6 17. Nc3 Bxa2 18. Rxa2 Qc7 19. Ra1 Ne6 20. Re1 Nac5 21. Ne4 Nd7 22. Neg5 Ndc5 23. Nxe6 Nxe6 24. a4 Rd5 25. b3 Rfd8 26. Bb2 Qb6 27. g3 Qc7 28. Kg2 Qd7 29. Bc3 b6 30. h4 h5 31. Bb2 Bh6 32. Qa6 Nf4+ 33. Kg1 Qh3 34. Qf1 Qxf1+ 35. Kxf1 Ne6 36. Ke2 Bg7 37. Red1 Kf8 38. c4 R5d7 39. Rxd7 Rxd7 40. Rd1 Ke8 41. Rxd7 Kxd7 42. Ba3 Bh6 1/2-1/2

[Event "Cap d'Agde CCAS op"]
[Site "Cap d'Agde"]
[Date "2014.10.22"]
[Round "6"]
[White "Lalic, Bogdan"]
[Black "Favarel, Julien"]
[Result "1-0"]
[WhiteElo "2450"]
[BlackElo "2309"]
[PlyCount "77"]
[EventDate "2014.10.24"]
[EventType "swiss"]
[EventRounds "9"]
[EventCountry "FRA"]
[SourceTitle "EXT 2016"]
[Source "ChessBase"]
[SourceDate "2015.10.08"]
[SourceVersion "1"]
[SourceVersionDate "2015.10.08"]
[SourceQuality "1"]

1. c4 Nf6 2. Nf3 g6 3. d4 Bg7 4. g3 0-0 5. Bg2 d6 6. 0-0 Nbd7 7. Qc2 e5 8. Rd1 exd4 9. Nxd4 Re8 10. Nc3 c6 11. e4 Qe7 12. b3 Nc5 13. f3 a5 14. Rb1 h5 15. h3 Nh7 16. Qf2 a4 17. b4 Ne6 18. Nce2 Nhg5 19. Kh2 Nxd4 20. Nxd4 Ne6 21. Be3 Nxd4 22. Bxd4 Be6 23. Bxg7 Kxg7 24. f4 Kh7 25. c5 Rad8 26. Qc2 dxc5 27. bxc5 h4 28. g4 Rxd1 29. Rxd1 Rd8 30. Rxd8 Qxd8 31. f5 Qc7+ 32. Kg1 Bc8 33. Qxa4 Qe5 34. Qc2 Bd7 35. Qf2 g5 36. Qd2 Qxc5+ 37. Kh1 Qe7 38. f6 Qe6 39. Qxg5 1-0

[Event "Condom op 12th"]
[Site "Condom"]
[Date "2013.07.19"]
[Round "8"]
[White "Jianu, Vlad Cristian"]
[Black "Favarel, Julien"]
[Result "1/2-1/2"]
[WhiteElo "2560"]
[BlackElo "2321"]
[PlyCount "45"]
[EventDate "2013.07.13"]
[EventType "swiss"]
[EventRounds "9"]
[EventCountry "FRA"]
[SourceTitle "CBM 155 Extra"]
[Source "ChessBase"]
[SourceDate "2013.08.26"]
[SourceVersion "1"]
[SourceVersionDate "2013.08.26"]
[SourceQuality "1"]

1. d4 d5 2. c4 e6 3. Nf3 Nf6 4. g3 dxc4 5. Bg2 Bb4+ 6. Bd2 a5 7. 0-0 0-0 8. Qc2 Bxd2 9. Nbxd2 b5 10. a4 c6 11. b3 cxb3 12. Nxb3 b4 13. Ne5 Nd5 14. Nxc6 Nxc6 15. Qxc6 Ra6 16. Qc4 Nc3 17. Rfe1 Qd6 18. e3 Rd8 19. h4 Ra7 20. Nc5 Ba6 21. Qb3 Rc7 22. f4 h6 23. Kh2 1/2-1/2

[Event "Condom op 12th"]
[Site "Condom"]
[Date "2013.07.15"]
[Round "4"]
[White "Favarel, Julien"]
[Black "Cornette, Matthieu"]
[Result "0-1"]
[WhiteElo "2321"]
[BlackElo "2578"]
[PlyCount "54"]
[EventDate "2013.07.13"]
[EventType "swiss"]
[EventRounds "9"]
[EventCountry "FRA"]
[SourceTitle "CBM 155 Extra"]
[Source "ChessBase"]
[SourceDate "2013.08.26"]
[SourceVersion "1"]
[SourceVersionDate "2013.08.26"]
[SourceQuality "1"]

1. d4 Nf6 2. c4 g6 3. Nc3 Bg7 4. e4 d6 5. Be2 0-0 6. Nf3 Nbd7 7. 0-0 e5 8. Be3 Qe7 9. Qc2 h6 10. Rad1 c6 11. d5 c5 12. Ne1 Nb6 13. b3 Ng4 14. Bc1 h5 15. h3 Nh6 16. f4 f5 17. Nf3 fxe4 18. Qxe4 Bf5 19. Qe3 Bc2 20. Rde1 e4 21. Qd2 exf3 22. Bxf3 Bd4+ 23. Kh1 Qg7 24. Nb5 Bf5 25. Nxd4 Qxd4 26. Qxd4 cxd4 27. Re7 Rf7 0-1

[Event "FRA-ch Accession"]
[Site "Pau"]
[Date "2012.08.15"]
[Round "2"]
[White "Prie, Eric"]
[Black "Favarel, Julien"]
[Result "0-1"]
[WhiteElo "2510"]
[BlackElo "2270"]
[PlyCount "64"]
[EventDate "2012.08.14"]
[EventType "swiss"]
[EventRounds "11"]
[EventCountry "FRA"]
[SourceTitle "CBM 150 Extra"]
[Source "ChessBase"]
[SourceDate "2012.10.19"]
[SourceVersion "1"]
[SourceVersionDate "2012.10.19"]
[SourceQuality "1"]

1. d4 Nf6 2. Bf4 g6 3. e3 Bg7 4. Nf3 0-0 5. Be2 d6 6. 0-0 c5 7. c3 Qb6 8. Nbd2 Be6 9. Ng5 Bd7 10. Nc4 Qc7 11. h3 b6 12. Re1 Bc6 13. Bf1 Nbd7 14. Bh2 Qb7 15. a4 a6 16. Nd2 Bh6 17. Ngf3 Ne4 18. Nxe4 Bxe4 19. Nd2 Bc6 20. Nc4 d5 21. Nd2 e5 22. Nf3 e4 23. Nd2 Rfe8 24. Rc1 b5 25. Nb3 bxa4 26. Nxc5 Nxc5 27. dxc5 Qb3 28. Bc7 Qxd1 29. Rexd1 Rec8 30. Bb6 Bf8 31. c4 dxc4 32. Bxc4 Bb5 0-1